000 01591cam a22003977a 4500
001 14448923
003 OSt
005 20180116192408.0
008 051014s2005 enkab | b 00| 0 eng d
010 _a 2006389826
015 _aGBA586932
_2bnb
016 7 _a013313071
_2Uk
020 _a0470014679
035 _a(OCoLC)ocm62131875
040 _aUKM
_beng
_cUKM
_dBAKER
_dOUN
_dDLC
042 _aukblsr
050 0 0 _aNA680
_b.N39 2005
082 0 4 _a724.7
_222
245 0 4 _aThe new mix :
_bculturally dynamic architecture /
_cguest-edited by Sara Caples and Everado Jefferson.
260 _aChichester :
_bWiley-Academy,
_c2005.
300 _a128 p. :
_bill. (chiefly col.), maps ;
_c29 cm.
440 0 _aArchitectural design ;
_vv. 75, no. 5
_9626
490 1 _aProfile ;
_vno. 177
504 _aIncludes bibliographical references.
650 0 _aArchitecture, Modern
_y20th century.
_9627
700 1 _aCaples, Sara.
_9628
700 1 _aJefferson, Everardo.
_9629
830 0 _aArchitectural design profile ;
_v177.
_9630
856 4 2 _3Publisher description
_uhttp://www.loc.gov/catdir/enhancements/fy0653/2006389826-d.html
856 4 1 _3Table of contents only
_uhttp://www.loc.gov/catdir/enhancements/fy0653/2006389826-t.html
856 4 2 _3Contributor biographical information
_uhttp://www.loc.gov/catdir/enhancements/fy0658/2006389826-b.html
906 _a7
_bcbc
_ccopycat
_d2
_encip
_f20
_gy-gencatlg
942 _2ddc
_cBK
999 _c353446
_d353446